Riconosci il Pokémon - Quiz n°393 - Statistics

Statistiche generali
  • Questo quiz è stato fatto 5 volte
  • Il punteggio medio è 5 su 10
Statistiche sulle risposte
Indizio Risposta % Corretto
Generazione Settima
100%
Tipo Coleottero / Erba
75%
Abilità Levitazione
75%
Stadio evoluzione Seconda evoluzione
75%
Tasso di cattura 45 (11.9%)
50%
Sesso 50% ♂, 50% ♀
50%
Altezza 1,5 m; 2,6 m (Dominante)
25%
Peso 45,0 kg; 147,5 kg (Dominante)
25%
Tasso di allevamento Medio-Veloce
25%
Pokémon Vikavolt
0%
Nessun quiz corrispondente trovato
Distribuzione punteggi
Percentuale di utenti per punteggio
Percentile per numero di risposta
I tuoi punteggi nel tempo
Non hai fatto questo quiz